000 00401nam a22001457a 4500
008 150304b xxu||||| |||| 00| 0 eng d
020 _a9789871073641
082 _aAR861.7
_bS676r
100 _aSoares, Lucas
_92133
245 _aRoña
_cLucas Soares
260 _aArgentina
_bEdiciones VOX
_c2013
300 _a40 p.
_c21 cm
650 _aLiteratura
_xPoesia
_zArgentina
_92134
700 _aSoares, Lucas
_92135
999 _c441
_d441